Ielts test builder

Сохранить в:
Библиографические подробности
Формат:
Опубликовано: 2008
Метки: Добавить метку
Нет меток, Требуется 1-ая метка записи!
Thư viện lưu trữ: Mạng thư viện Đại học Đà Nẵng
LEADER 00438nam a22001811a 4500
001 000038552
003 14847
005 20160412021327.0
008 160412s2008 000
082 |a 4A(07)2704 
245 |a Ielts test builder  |c Sam Mccatter, Judith Ash 
260 |c 2008 
OWN |a LNN 
999 |a From the UDN01 
TYP |a Monograph 
980 |a Mạng thư viện Đại học Đà Nẵng